[Event "Women's Baku Chess Olympiad"]
[Site "chess24.com"]
[Date "2016.09.05"]
[Round "4"]
[White "Chumpitaz, Ann"]
[Black "Montilla Reyes, Jorcerys"]
[Result "1-0"]
[Board "2"]
[WhiteID "3804178"]
[WhiteElo "2150"]
[WhiteTitle "WIM"]
[WhiteCountry "PER"]
[WhiteFideId "3804178"]
[WhiteEloChange "11"]
[BlackID "3900517"]
[BlackElo "2194"]
[BlackTitle "WIM"]
[BlackCountry "VEN"]
[BlackFideId "3900517"]
[BlackEloChange "-11"]

1. e4 {[%clk 1:30:51]} c5 {[%clk 1:30:54]} 2. Nf3 {[%clk 1:31:17]} Nc6 {[%clk
1:31:19]} 3. d4 {[%clk 1:31:32]} cxd4 {[%clk 1:31:42]} 4. Nxd4 {[%clk 1:31:59]}
Qb6 {[%clk 1:32:06]} 5. Nb3 {[%clk 1:32:23]} Nf6 {[%clk 1:32:33]} 6. Nc3 {[%clk
1:31:55]} e6 {[%clk 1:32:57]} 7. Qe2 {[%clk 1:32:21]} Bb4 {[%clk 1:33:20]} 8. Bd2
{[%clk 1:32:47]} O-O {[%clk 1:33:38]} 9. a3 {[%clk 1:32:59]} Be7 {[%clk 1:34:03]}
10. O-O-O {[%clk 1:32:53]} d5 {[%clk 1:31:28]} 11. exd5 {[%clk 1:32:41]} exd5
{[%clk 1:31:51]} 12. Be3 {[%clk 1:27:42]} Qc7 {[%clk 1:31:57]} 13. g3 {[%clk
1:25:02]} Bg4 {[%clk 1:28:46]} 14. f3 {[%clk 1:25:18]} Be6 {[%clk 1:29:12]} 15.
Bf4 {[%clk 1:24:52]} Qd7 {[%clk 1:23:44]} 16. Qf2 {[%clk 1:13:15]} Rac8 {[%clk
1:21:21]} 17. g4 {[%clk 1:11:44]} Rfd8 {[%clk 1:20:56]} 18. g5 {[%clk 0:49:54]}
Nh5 {[%clk 1:19:04]} 19. Be3 {[%clk 0:50:18]} Ne5 {[%clk 1:08:54]} 20. Nc5 {[%clk
0:50:07]} Bxc5 {[%clk 1:00:31]} 21. Bxc5 {[%clk 0:50:29]} b6 {[%clk 0:49:59]} 22.
Bd4 {[%clk 0:50:37]} Ng6 {[%clk 0:50:22]} 23. Bb5 {[%clk 0:42:22]} Qd6 {[%clk
0:48:01]} 24. Ba6 {[%clk 0:42:43]} Rc6 {[%clk 0:42:51]} 25. Kb1 {[%clk 0:37:17]}
Ngf4 {[%clk 0:35:25]} 26. Qh4 {[%clk 0:28:51]} Bf5 {[%clk 0:34:49]} 27. g6 {[%clk
0:14:38]} f6 {[%clk 0:27:33]} 28. gxh7+ {[%clk 0:14:32]} Kxh7 {[%clk 0:27:50]}
29. Bd3 {[%clk 0:13:06]} Bxd3 {[%clk 0:27:22]} 30. cxd3 {[%clk 0:13:17]} Qe6
{[%clk 0:26:05]} 31. Rhe1 {[%clk 0:12:14]} Qf5 {[%clk 0:26:07]} 32. Qg4 {[%clk
0:12:35]} Qg6 {[%clk 0:23:58]} 33. Re7 {[%clk 0:11:05]} a6 {[%clk 0:17:52]} 34.
Ka2 {[%clk 0:11:16]} Ng2 {[%clk 0:12:05]} 35. Qxg6+ {[%clk 0:10:42]} Kxg6 {[%clk
0:12:30]} 36. Rg1 {[%clk 0:11:09]} Nf4 {[%clk 0:12:54]} 37. Re2 {[%clk 0:02:44]}
Kf5 {[%clk 0:10:39]} 38. Rexg2 {[%clk 0:02:56]} Nxg2 {[%clk 0:11:04]} 39. Rxg2
{[%clk 0:03:24]} g5 {[%clk 0:11:27]} 40. a4 {[%clk 0:33:26]} Rh8 {[%clk 0:38:21]}
41. Nxd5 {[%clk 0:23:05]} Rd6 {[%clk 0:38:26]} 42. Ne3+ {[%clk 0:23:33]} Kg6
{[%clk 0:33:06]} 43. Nc2 {[%clk 0:23:22]} Rh4 {[%clk 0:33:30]} 44. Be3 {[%clk
0:14:02]} Rxd3 {[%clk 0:31:49]} 45. b3 {[%clk 0:14:16]} b5 {[%clk 0:29:20]} 46.
a5 {[%clk 0:14:22]} Rd5 {[%clk 0:18:20]} 47. Bb6 {[%clk 0:12:42]} b4 {[%clk
0:12:41]} 48. Kb2 {[%clk 0:11:41]} Rf4 {[%clk 0:06:28]} 49. Rg3 {[%clk 0:08:39]}
Kf7 {[%clk 0:05:58]} 50. Rg4 {[%clk 0:06:05]} Rxf3 {[%clk 0:05:13]} 51. Nxb4
{[%clk 0:06:27]} Rb5 {[%clk 0:05:31]} 52. Ka3 {[%clk 0:05:24]} Ke6 {[%clk
0:04:10]} 53. Rg3 {[%clk 0:04:02]} Rxg3 {[%clk 0:03:19]} 54. hxg3 {[%clk
0:04:26]} f5 {[%clk 0:03:04]} 55. Nxa6 {[%clk 0:04:34]} Kd7 {[%clk 0:02:25]} 56.
Nc5+ {[%clk 0:04:11]} Kc6 {[%clk 0:02:45]} 57. b4 {[%clk 0:01:25]} f4 {[%clk
0:02:58]} 58. gxf4 {[%clk 0:01:49]} gxf4 {[%clk 0:03:25]} 59. Ne6 {[%clk
0:01:28]} Re5 {[%clk 0:02:26]} 60. Nxf4 {[%clk 0:01:51]} Kb5 {[%clk 0:02:51]} 61.
Kb3 {[%clk 0:01:05]} Re1 {[%clk 0:01:45]} 62. Nd5 {[%clk 0:01:03]} Rb1+ {[%clk
0:02:01]} 63. Kc2 {[%clk 0:01:28]} Rh1 {[%clk 0:02:25]} 64. Bc5 {[%clk 0:01:50]}
Kc4 {[%clk 0:02:00]} 65. Ne3+ {[%clk 0:02:08]} Kb5 {[%clk 0:02:25]} 66. Kd3
{[%clk 0:02:01]} Rh4 {[%clk 0:02:41]} 67. Nf5 {[%clk 0:02:16]} Rh3+ {[%clk
0:01:27]} 68. Ke4 {[%clk 0:02:39]} Ra3 {[%clk 0:00:58]} 69. Nd4+ {[%clk 0:03:00]}
Kc4 {[%clk 0:01:16]} 70. Ke5 {[%clk 0:03:17]} Rh3 {[%clk 0:01:07]} 71. a6 {[%clk
0:03:23]} 1-0

[Event "Women's Baku Chess Olympiad"]
[Site "chess24.com"]
[Date "2016.09.05"]
[Round "4"]
[White "Saric, Kristina"]
[Black "Bejatovic, Bojana"]
[Result "1-0"]
[Board "2"]
[WhiteID "14507323"]
[WhiteElo "2201"]
[WhiteTitle "WIM"]
[WhiteCountry "CRO"]
[WhiteFideId "14507323"]
[WhiteEloChange "6"]
[BlackID "15000141"]
[BlackElo "2063"]
[BlackCountry "MKD"]
[BlackFideId "15000141"]
[BlackEloChange "-6"]

1. e4 {[%clk 1:30:57]} Nf6 {[%clk 1:30:54]} 2. e5 {[%clk 1:31:12]} Nd5 {[%clk
1:31:19]} 3. d4 {[%clk 1:31:31]} d6 {[%clk 1:31:46]} 4. Nf3 {[%clk 1:31:43]} dxe5
{[%clk 1:31:40]} 5. Nxe5 {[%clk 1:31:37]} c6 {[%clk 1:31:59]} 6. c4 {[%clk
1:20:06]} Nb4 {[%clk 1:28:13]} 7. Be3 {[%clk 1:16:30]} Bf5 {[%clk 1:26:07]} 8.
Bd3 {[%clk 1:08:43]} Nxd3+ {[%clk 1:22:19]} 9. Nxd3 {[%clk 1:09:09]} Nd7 {[%clk
1:21:17]} 10. O-O {[%clk 1:07:49]} e6 {[%clk 1:19:32]} 11. Nc3 {[%clk 1:02:51]}
Bd6 {[%clk 1:17:48]} 12. f4 {[%clk 0:57:33]} Nf6 {[%clk 1:13:29]} 13. Nf2 {[%clk
0:45:57]} h5 {[%clk 1:04:06]} 14. Qf3 {[%clk 0:32:06]} Ng4 {[%clk 0:52:10]} 15.
Nfe4 {[%clk 0:29:34]} Bc7 {[%clk 0:48:58]} 16. h3 {[%clk 0:28:05]} Nxe3 {[%clk
0:47:13]} 17. Qxe3 {[%clk 0:28:31]} Qe7 {[%clk 0:46:18]} 18. Rad1 {[%clk
0:24:38]} O-O {[%clk 0:34:16]} 19. Ng5 {[%clk 0:13:53]} Rad8 {[%clk 0:23:54]} 20.
Nce4 {[%clk 0:11:06]} f6 {[%clk 0:23:19]} 21. Nf3 {[%clk 0:11:23]} Rfe8 {[%clk
0:15:58]} 22. Rfe1 {[%clk 0:10:23]} Qb4 {[%clk 0:13:42]} 23. b3 {[%clk 0:08:20]}
Qa5 {[%clk 0:09:49]} 24. Kh1 {[%clk 0:06:17]} e5 {[%clk 0:09:10]} 25. fxe5 {[%clk
0:05:51]} fxe5 {[%clk 0:08:48]} 26. Neg5 {[%clk 0:04:57]} g6 {[%clk 0:06:18]} 27.
c5 {[%clk 0:03:23]} e4 {[%clk 0:04:49]} 28. Nd2 {[%clk 0:02:32]} Bb8 {[%clk
0:02:17]} 29. Ndxe4 {[%clk 0:01:19]} Kg7 {[%clk 0:02:46]} 30. Qf2 {[%clk
0:01:17]} Qc7 {[%clk 0:01:55]} 31. Nd6 {[%clk 0:01:22]} Rxe1+ {[%clk 0:01:09]}
32. Rxe1 {[%clk 0:01:38]} Rxd6 {[%clk 0:01:13]} 33. cxd6 {[%clk 0:01:55]} Qxd6
{[%clk 0:01:43]} 34. Nf3 {[%clk 0:02:03]} Bc7 {[%clk 0:00:42]} 35. Qe3 {[%clk
0:01:51]} Bd8 {[%clk 0:00:43]} 36. Qe5+ {[%clk 0:01:20]} Qf6 {[%clk 0:01:12]} 37.
Qxf6+ {[%clk 0:01:18]} Bxf6 {[%clk 0:01:28]} 38. Kg1 {[%clk 0:01:07]} Kf8 {[%clk
0:01:22]} 39. Ne5 {[%clk 0:01:19]} Be7 {[%clk 0:01:00]} 40. g4 {[%clk 0:31:15]}
hxg4 {[%clk 0:30:36]} 41. hxg4 {[%clk 0:31:14]} Bc2 {[%clk 0:29:45]} 42. Kg2
{[%clk 0:27:29]} g5 {[%clk 0:26:24]} 43. Kf3 {[%clk 0:22:13]} Bb4 {[%clk
0:25:40]} 44. Rc1 {[%clk 0:21:35]} Bh7 {[%clk 0:25:58]} 45. Nd7+ {[%clk 0:19:54]}
Ke7 {[%clk 0:23:21]} 46. Nc5 {[%clk 0:19:51]} Kd6 {[%clk 0:20:36]} 47. Nxb7+
{[%clk 0:16:25]} Kd5 {[%clk 0:20:43]} 48. Nc5 {[%clk 0:16:45]} Bd2 {[%clk
0:18:52]} 49. Rd1 {[%clk 0:15:53]} Bc3 {[%clk 0:18:52]} 50. Rh1 {[%clk 0:15:18]}
Bc2 {[%clk 0:18:13]} 51. Rc1 {[%clk 0:14:51]} Bxd4 {[%clk 0:18:34]} 52. Rxc2
{[%clk 0:15:13]} Bxc5 {[%clk 0:19:00]} 53. Rh2 {[%clk 0:14:40]} Bd6 {[%clk
0:18:51]} 54. Rh7 {[%clk 0:14:50]} a5 {[%clk 0:18:41]} 55. Rf7 {[%clk 0:14:10]}
Kd4 {[%clk 0:18:28]} 56. Rf6 {[%clk 0:14:13]} Kc5 {[%clk 0:17:58]} 57. Ke4 {[%clk
0:14:07]} Be7 {[%clk 0:18:18]} 58. Rf7 {[%clk 0:14:11]} Bd8 {[%clk 0:18:28]} 59.
a3 {[%clk 0:13:25]} Kb5 {[%clk 0:18:28]} 60. Kd3 {[%clk 0:13:25]} 1-0

[Event "Women's Baku Chess Olympiad"]
[Site "chess24.com"]
[Date "2016.09.05"]
[Round "4"]
[White "Dovchin, Bolortungalag"]
[Black "Abdi, Zineb Dina"]
[Result "0-1"]
[Board "3"]
[WhiteID "13205668"]
[WhiteElo "1544"]
[WhiteCountry "KOR"]
[WhiteFideId "13205668"]
[WhiteEloChange "-2"]
[BlackID "7900880"]
[BlackElo "1953"]
[BlackTitle "WIM"]
[BlackCountry "ALG"]
[BlackFideId "7900880"]
[BlackEloChange "2"]

1. e4 {[%clk 1:30:56]} e5 {[%clk 1:30:50]} 2. Nf3 {[%clk 1:31:20]} Nc6 {[%clk
1:31:16]} 3. Bb5 {[%clk 1:31:26]} a6 {[%clk 1:31:41]} 4. Ba4 {[%clk 1:31:44]} Nf6
{[%clk 1:31:22]} 5. O-O {[%clk 1:30:24]} b5 {[%clk 1:31:36]} 6. Bb3 {[%clk
1:30:45]} Be7 {[%clk 1:31:20]} 7. Re1 {[%clk 1:30:40]} O-O {[%clk 1:31:32]} 8. c3
{[%clk 1:30:14]} d6 {[%clk 1:31:27]} 9. h3 {[%clk 1:30:07]} Na5 {[%clk 1:30:47]}
10. Bc2 {[%clk 1:25:34]} c5 {[%clk 1:30:58]} 11. d4 {[%clk 1:25:34]} Qc7 {[%clk
1:30:40]} 12. b3 {[%clk 0:51:27]} Bd7 {[%clk 1:28:14]} 13. d5 {[%clk 0:44:02]} c4
{[%clk 1:24:06]} 14. b4 {[%clk 0:42:29]} Nb7 {[%clk 1:24:27]} 15. a4 {[%clk
0:32:06]} bxa4 {[%clk 1:08:53]} 16. Bxa4 {[%clk 0:31:31]} a5 {[%clk 1:07:38]} 17.
Bxd7 {[%clk 0:15:16]} Qxd7 {[%clk 1:06:51]} 18. Bd2 {[%clk 0:12:04]} Rfc8 {[%clk
0:56:45]} 19. Qc2 {[%clk 0:09:46]} Ne8 {[%clk 0:55:11]} 20. Na3 {[%clk 0:06:08]}
Qc7 {[%clk 0:48:40]} 21. Rec1 {[%clk 0:05:57]} Nf6 {[%clk 0:45:58]} 22. g4 {[%clk
0:05:18]} Qd7 {[%clk 0:44:56]} 23. Nh2 {[%clk 0:05:04]} h5 {[%clk 0:42:38]} 24.
f3 {[%clk 0:05:23]} Nh7 {[%clk 0:38:18]} 25. Kg2 {[%clk 0:05:11]} h4 {[%clk
0:30:20]} 26. Nf1 {[%clk 0:05:28]} axb4 {[%clk 0:10:34]} 27. cxb4 {[%clk
0:05:49]} c3 {[%clk 0:10:11]} 28. Bxc3 {[%clk 0:04:52]} Bg5 {[%clk 0:10:33]} 29.
Nd2 {[%clk 0:04:55]} Qe7 {[%clk 0:06:50]} 30. Qd1 {[%clk 0:04:13]} Be3 {[%clk
0:06:45]} 31. Nac4 {[%clk 0:04:17]} Rxa1 {[%clk 0:06:20]} 32. Rxa1 {[%clk
0:03:53]} Bxd2 {[%clk 0:05:58]} 33. Bxd2 {[%clk 0:02:39]} Rxc4 {[%clk 0:06:17]}
34. Ra8+ {[%clk 0:02:51]} Nf8 {[%clk 0:06:04]} 35. Qb3 {[%clk 0:02:34]} Qc7
{[%clk 0:05:36]} 36. Kf1 {[%clk 0:02:17]} f6 {[%clk 0:00:53]} 37. Ke2 {[%clk
0:02:38]} Rd4 {[%clk 0:00:36]} 38. b5 {[%clk 0:01:13]} Qc4+ {[%clk 0:00:36]} 39.
Qxc4 {[%clk 0:01:35]} Rxc4 {[%clk 0:01:06]} 40. Rb8 {[%clk 0:31:22]} Nc5 {[%clk
0:30:36]} 41. b6 {[%clk 0:31:49]} Rc2 {[%clk 0:24:40]} 42. Kd1 {[%clk 0:29:54]}
Rb2 {[%clk 0:24:36]} 43. Be3 {[%clk 0:28:46]} Nd7 {[%clk 0:17:21]} 44. Rd8 {[%clk
0:26:09]} Nxb6 {[%clk 0:15:19]} 45. Kc1 {[%clk 0:24:08]} Nc4 {[%clk 0:13:41]} 46.
Rc8 {[%clk 0:22:11]} Rb4 {[%clk 0:14:00]} 47. Bf2 {[%clk 0:21:33]} g5 {[%clk
0:12:40]} 48. Be1 {[%clk 0:20:45]} Ra4 {[%clk 0:13:00]} 49. Kc2 {[%clk 0:20:32]}
Ne3+ {[%clk 0:06:57]} 50. Kb3 {[%clk 0:20:32]} Ra6 {[%clk 0:06:58]} 51. Bf2
{[%clk 0:16:53]} Ng2 {[%clk 0:06:18]} 52. Rc6 {[%clk 0:15:12]} Ra8 {[%clk
0:04:31]} 53. Rxd6 {[%clk 0:15:23]} Kf7 {[%clk 0:04:48]} 54. Rc6 {[%clk 0:14:54]}
Nf4 {[%clk 0:03:43]} 55. Rc7+ {[%clk 0:14:53]} Ke8 {[%clk 0:03:20]} 56. Bc5
{[%clk 0:14:39]} Nd7 {[%clk 0:03:33]} 57. Kc4 {[%clk 0:10:34]} Kd8 {[%clk
0:01:36]} 58. Rb7 {[%clk 0:10:11]} Rc8 {[%clk 0:01:37]} 59. Rb5 {[%clk 0:10:23]}
Rxc5+ {[%clk 0:01:22]} 60. Rxc5 {[%clk 0:10:45]} Nxc5 {[%clk 0:01:51]} 61. Kxc5
{[%clk 0:11:07]} Nxh3 {[%clk 0:01:22]} 62. Kd6 {[%clk 0:11:29]} Nf4 {[%clk
0:01:36]} 0-1

[Event "Women's Baku Chess Olympiad"]
[Site "chess24.com"]
[Date "2016.09.05"]
[Round "4"]
[White "Durno, Joy"]
[Black "Johnson, Gabriella"]
[Result "1-0"]
[Board "3"]
[WhiteID "2403501"]
[WhiteElo "1894"]
[WhiteTitle "WFM"]
[WhiteCountry "SCO"]
[WhiteFideId "2403501"]
[WhiteEloChange "7"]
[BlackID "7701128"]
[BlackElo "1794"]
[BlackTitle "WCM"]
[BlackCountry "TTO"]
[BlackFideId "7701128"]
[BlackEloChange "-7"]

1. d4 {[%clk 1:30:59]} Nf6 {[%clk 1:30:53]} 2. c4 {[%clk 1:31:24]} e6 {[%clk
1:31:19]} 3. Nf3 {[%clk 1:31:31]} Bb4+ {[%clk 1:31:38]} 4. Nbd2 {[%clk 1:28:49]}
O-O {[%clk 1:29:43]} 5. a3 {[%clk 1:29:10]} Be7 {[%clk 1:29:39]} 6. e4 {[%clk
1:17:46]} d5 {[%clk 1:22:58]} 7. Qc2 {[%clk 1:14:08]} dxe4 {[%clk 1:18:36]} 8.
Nxe4 {[%clk 1:14:19]} Nc6 {[%clk 1:17:40]} 9. Be3 {[%clk 1:03:56]} Nxe4 {[%clk
1:06:43]} 10. Qxe4 {[%clk 1:04:19]} f5 {[%clk 1:07:02]} 11. Qd3 {[%clk 1:03:36]}
Bf6 {[%clk 1:06:47]} 12. Rd1 {[%clk 0:58:37]} e5 {[%clk 0:59:36]} 13. dxe5 {[%clk
0:51:49]} Qxd3 {[%clk 0:59:56]} 14. Rxd3 {[%clk 0:46:58]} Nxe5 {[%clk 1:00:08]}
15. Nxe5 {[%clk 0:47:03]} Bxe5 {[%clk 1:00:20]} 16. Bd4 {[%clk 0:43:28]} Bxd4
{[%clk 0:59:43]} 17. Rxd4 {[%clk 0:43:54]} Re8+ {[%clk 0:59:54]} 18. Kd2 {[%clk
0:44:00]} c5 {[%clk 0:55:26]} 19. Rd6 {[%clk 0:43:11]} Kf7 {[%clk 0:53:53]} 20.
Bd3 {[%clk 0:41:58]} Be6 {[%clk 0:47:32]} 21. Re1 {[%clk 0:41:29]} g6 {[%clk
0:45:52]} 22. Kc3 {[%clk 0:40:49]} Re7 {[%clk 0:37:35]} 23. f4 {[%clk 0:31:15]}
Rae8 {[%clk 0:35:22]} 24. Re5 {[%clk 0:30:38]} b6 {[%clk 0:34:38]} 25. b4 {[%clk
0:25:36]} Rc7 {[%clk 0:34:24]} 26. Be2 {[%clk 0:22:18]} Bc8 {[%clk 0:32:37]} 27.
Rxe8 {[%clk 0:17:42]} Kxe8 {[%clk 0:31:49]} 28. Bf3 {[%clk 0:17:45]} cxb4+ {[%clk
0:29:32]} 29. axb4 {[%clk 0:16:40]} Bb7 {[%clk 0:28:09]} 30. Bxb7 {[%clk
0:15:40]} Rxb7 {[%clk 0:28:37]} 31. b5 {[%clk 0:15:19]} Rd7 {[%clk 0:26:23]} 32.
Rxd7 {[%clk 0:11:54]} Kxd7 {[%clk 0:26:46]} 33. Kd4 {[%clk 0:12:16]} Kd6 {[%clk
0:26:14]} 34. h3 {[%clk 0:11:19]} h6 {[%clk 0:26:31]} 35. h4 {[%clk 0:11:13]} g5
{[%clk 0:25:11]} 36. hxg5 {[%clk 0:09:15]} hxg5 {[%clk 0:25:37]} 37. fxg5 {[%clk
0:09:33]} Ke6 {[%clk 0:25:55]} 38. g3 {[%clk 0:09:40]} Kf7 {[%clk 0:26:15]} 39.
Ke5 {[%clk 0:09:56]} Kg6 {[%clk 0:26:26]} 40. Kf4 {[%clk 0:40:20]} Kf7 {[%clk
0:56:27]} 41. Kxf5 {[%clk 0:40:43]} Kf8 {[%clk 0:56:42]} 42. Kg6 {[%clk 0:40:55]}
Ke7 {[%clk 0:56:58]} 43. Kh7 {[%clk 0:41:16]} Kd6 {[%clk 0:57:19]} 44. g6 {[%clk
0:41:37]} Kc5 {[%clk 0:57:46]} 45. g7 {[%clk 0:41:59]} Kxc4 {[%clk 0:58:13]} 46.
g8Q+ {[%clk 0:42:18]} Kxb5 {[%clk 0:58:35]} 47. Qb3+ {[%clk 0:42:39]} Kc5 {[%clk
0:58:47]} 48. g4 {[%clk 0:42:58]} 1-0

[Event "Women's Baku Chess Olympiad"]
[Site "chess24.com"]
[Date "2016.09.05"]
[Round "4"]
[White "Barria Baker, Raisa Melissa"]
[Black "Granados Diaz, Maria Esther"]
[Result "*"]
[Board "2"]
[WhiteID "6600336"]
[WhiteElo "1961"]
[WhiteTitle "WCM"]
[WhiteCountry "PAN"]
[WhiteFideId "6600336"]
[BlackID "6101488"]
[BlackElo "1831"]
[BlackTitle "WIM"]
[BlackCountry "NCA"]
[BlackFideId "6101488"]

1. d4 {[%clk 1:30:34]} Nf6 {[%clk 1:30:53]} 2. c4 {[%clk 1:30:53]} e5 {[%clk
1:31:17]} 3. dxe5 {[%clk 1:31:14]} Ng4 {[%clk 1:31:41]} 4. Bf4 {[%clk 1:31:37]}
Bb4+ {[%clk 1:32:00]} 5. Nd2 {[%clk 1:31:43]} Qe7 {[%clk 1:31:41]} 6. Nf3 {[%clk
1:30:49]} Nc6 {[%clk 1:31:07]} 7. e3 {[%clk 1:29:14]} Ngxe5 {[%clk 1:29:15]} 8.
Nxe5 {[%clk 1:27:47]} Nxe5 {[%clk 1:29:28]} 9. Be2 {[%clk 1:26:28]} a5 {[%clk
1:29:15]} 10. a3 {[%clk 1:24:49]} Bc5 {[%clk 1:24:48]} 11. Nb3 {[%clk 1:22:45]}
Bb6 {[%clk 1:22:06]} 12. O-O {[%clk 1:19:52]} a4 {[%clk 1:17:33]} 13. Nd4 {[%clk
1:17:20]} d6 {[%clk 1:12:55]} 14. Rc1 {[%clk 1:12:34]} O-O {[%clk 1:09:50]} 15.
Nb5 {[%clk 1:02:10]} Bd7 {[%clk 1:05:29]} 16. Nc3 {[%clk 1:02:33]} Ba5 {[%clk
0:48:16]} 17. c5 {[%clk 0:55:47]} Bc6 {[%clk 0:44:06]} 18. Qd4 {[%clk 0:41:51]}
Rfd8 {[%clk 0:18:12]} 19. cxd6 {[%clk 0:37:34]} cxd6 {[%clk 0:18:13]} 20. Rfd1
{[%clk 0:37:41]} Qe6 {[%clk 0:10:50]} 21. Bg3 {[%clk 0:26:11]} Ng6 {[%clk
0:07:29]} 22. Bc4 {[%clk 0:22:24]} Qf5 {[%clk 0:06:01]} 23. Bd5 {[%clk 0:17:48]}
Ne7 {[%clk 0:05:19]} 24. e4 {[%clk 0:14:00]} Qh5 {[%clk 0:04:32]} 25. Bc4 {[%clk
0:09:47]} Qg4 {[%clk 0:02:53]} 26. Nd5 {[%clk 0:08:23]} Bxd5 {[%clk 0:02:12]} 27.
Bxd5 {[%clk 0:08:32]} Nxd5 {[%clk 0:02:28]} 28. Qxd5 {[%clk 0:08:39]} Qe2 {[%clk
0:02:34]} 29. Qxb7 {[%clk 0:04:51]} Rab8 {[%clk 0:02:45]} 30. Qd5 {[%clk
0:04:47]} Rb5 {[%clk 0:02:46]} *

[Event "Women's Baku Chess Olympiad"]
[Site "chess24.com"]
[Date "2016.09.05"]
[Round "4"]
[White "Chung, Yaleika"]
[Black "Moraga, Maria"]
[Result "0-1"]
[Board "4"]
[WhiteID "6600603"]
[WhiteElo "1797"]
[WhiteTitle "WCM"]
[WhiteCountry "PAN"]
[WhiteFideId "6600603"]
[WhiteEloChange "-12"]
[BlackID "6102115"]
[BlackElo "1732"]
[BlackCountry "NCA"]
[BlackFideId "6102115"]
[BlackEloChange "12"]

1. d4 {[%clk 1:30:41]} d5 {[%clk 1:30:49]} 2. Nf3 {[%clk 1:31:01]} Bf5 {[%clk
1:30:01]} 3. Bf4 {[%clk 1:31:15]} e6 {[%clk 1:30:04]} 4. e3 {[%clk 1:31:25]} Nf6
{[%clk 1:29:29]} 5. Bd3 {[%clk 1:31:43]} Bxd3 {[%clk 1:29:09]} 6. cxd3 {[%clk
1:31:53]} Bd6 {[%clk 1:24:08]} 7. Ne5 {[%clk 1:31:41]} Bxe5 {[%clk 1:20:30]} 8.
Bxe5 {[%clk 1:30:29]} Nc6 {[%clk 1:19:22]} 9. Bg3 {[%clk 1:30:19]} Qe7 {[%clk
1:17:50]} 10. a3 {[%clk 1:26:00]} O-O {[%clk 1:15:36]} 11. O-O {[%clk 1:22:39]}
e5 {[%clk 1:11:58]} 12. dxe5 {[%clk 1:12:23]} Nxe5 {[%clk 1:12:23]} 13. b4 {[%clk
1:09:37]} Rfe8 {[%clk 1:08:28]} 14. h3 {[%clk 1:04:57]} Qd7 {[%clk 1:06:31]} 15.
d4 {[%clk 0:58:50]} Nc4 {[%clk 1:05:43]} 16. Nd2 {[%clk 0:59:09]} Nxd2 {[%clk
1:04:11]} 17. Qxd2 {[%clk 0:56:47]} Ne4 {[%clk 1:03:55]} 18. Qd3 {[%clk 0:56:08]}
Nxg3 {[%clk 1:02:42]} 19. fxg3 {[%clk 0:56:29]} Re4 {[%clk 1:02:37]} 20. Rf3
{[%clk 0:56:31]} Rae8 {[%clk 1:01:59]} 21. Raf1 {[%clk 0:56:34]} R8e7 {[%clk
1:01:45]} 22. Rc1 {[%clk 0:51:24]} R7e6 {[%clk 0:58:48]} 23. b5 {[%clk 0:49:30]}
a6 {[%clk 0:50:52]} 24. bxa6 {[%clk 0:47:09]} Rxa6 {[%clk 0:50:42]} 25. Qb3
{[%clk 0:46:10]} Rb6 {[%clk 0:47:25]} 26. Qa2 {[%clk 0:42:00]} c6 {[%clk
0:43:15]} 27. Rb1 {[%clk 0:37:53]} Rxb1+ {[%clk 0:41:21]} 28. Qxb1 {[%clk
0:38:14]} Re8 {[%clk 0:41:24]} 29. Qc2 {[%clk 0:33:48]} Ra8 {[%clk 0:40:25]} 30.
e4 {[%clk 0:32:51]} dxe4 {[%clk 0:39:48]} 31. Qxe4 {[%clk 0:33:07]} Re8 {[%clk
0:37:23]} 32. Qf4 {[%clk 0:32:33]} b5 {[%clk 0:32:10]} 33. Re3 {[%clk 0:29:26]}
Rxe3 {[%clk 0:28:22]} 34. Qxe3 {[%clk 0:29:48]} Qe6 {[%clk 0:27:04]} 35. Kf2
{[%clk 0:24:31]} Kf8 {[%clk 0:26:51]} 36. Kf3 {[%clk 0:21:13]} Ke7 {[%clk
0:22:39]} 37. g4 {[%clk 0:20:34]} Kd6 {[%clk 0:21:43]} 38. Qe4 {[%clk 0:17:37]}
h6 {[%clk 0:18:27]} 39. g3 {[%clk 0:13:57]} Qb3+ {[%clk 0:15:56]} 40. Kf4 {[%clk
0:43:12]} g5+ {[%clk 0:42:08]} 41. Kf5 {[%clk 0:43:34]} Qd5+ {[%clk 0:41:50]} 42.
Qxd5+ {[%clk 0:27:21]} Kxd5 {[%clk 0:42:17]} 43. h4 {[%clk 0:27:41]} Kxd4 {[%clk
0:39:32]} 44. hxg5 {[%clk 0:27:51]} hxg5 {[%clk 0:39:58]} 45. Kxg5 {[%clk
0:27:37]} c5 {[%clk 0:40:08]} 46. Kf6 {[%clk 0:28:00]} c4 {[%clk 0:40:19]} 47. g5
{[%clk 0:28:23]} c3 {[%clk 0:40:19]} 48. Kxf7 {[%clk 0:28:47]} c2 {[%clk
0:40:41]} 49. g6 {[%clk 0:29:10]} c1Q {[%clk 0:40:49]} 50. g7 {[%clk 0:29:24]}
Qc7+ {[%clk 0:40:49]} 0-1